000 00864nam a2200277Ia 4500
003 OSt
005 20250213122129.0
008 220923b |||||||| |||| 00| 0 eng d
020 _a9780387953991
037 _cGeneral Book
040 _aRTL
_cRTL
_beng
041 _2eng
_aeng
084 _aB28ob(L:5)
100 _aKlein, John P.
_9325511
245 0 _aSurvival analysis
_b Techniques for censored and truncated data
250 _a2
260 _aNew York
_bSpringer-Verlag
_c2003
300 _axv,536p
500 _aBibliography P515-25; Appendix P443-514
650 _a Statistics
_935791
650 _aEconomics
650 _aMathematics
700 _a Moeschberger, Melvin L.
_9266909
942 _hB28ob (L:5), P3/TD
_cGB
_2CC
_n0
999 _c635370
_d635370